[Event "FIDE World Rapid Team"]
[Site "London ENG"]
[Date "2025.06.12"]
[Round "5.5"]
[White "Volovich, Julia"]
[Black "QUICKPEN, Deborah Ebimobo-ere"]
[Result "0-1"]
[BlackTitle "WCM"]
[WhiteElo "1945"]
[BlackElo "2081"]
[WhiteTeam "Chess Trust Accelerators"]
[BlackTeam "Mother Continent"]
[WhiteFideId "447099"]
[BlackFideId "8511616"]
[EventDate "2025.06.11"]
[EventType "team"]

1. d4 Nf6 2. c4 e6 3. Nc3 Bb4 4. Qc2 O-O 5. a3 Bxc3+ 6. Qxc3 d5 7. Bg5 c6 8. e3
Nbd7 9. Nf3 dxc4 10. Bxc4 Qb6 11. Bd3 h6 12. Bh4 Nd5 13. Qc2 c5 14. O-O cxd4 15.
Nxd4 Nc5 16. Bc4 Nd7 17. Rac1 Ne5 18. Ba2 Bd7 19. Bg3 Ng6 20. Bxd5 exd5 21. Qc7
Qxc7 22. Rxc7 Bc8 23. Rfc1 b6 24. h4 h5 25. Nc6 a5 26. Ne7+ Nxe7 27. Rxe7 Be6
28. Rcc7 Rfc8 29. Rb7 Rc6 30. Rec7 Rc8 31. Rxc8+ Bxc8 32. Rb8 Kh7 33. Be5 Ba6
34. Bd4 b5 35. Rd8 Kg6 36. Rxd5 f6 37. Kh2 Rc2 38. Kg3 Rc6 39. Rd7 Bc8 40. Rd5
a4 41. Rxb5 Be6 42. Bc3 Bb3 43. Kf3 Bd1+ 44. Kg3 Rc4 45. Rb4 Rc6 46. Kf4 Re6 47.
e4 Bb3 48. f3 Rd6 49. Rb7 Rc6 50. e5 fxe5+ 51. Bxe5 Bf7 52. Ra7 Rc4+ 53. Ke3
Rxh4 54. f4 Rg4 55. Rxa4 Rxg2 56. Ra7 h4 57. Bd4 h3 58. f5+ Kh7 59. Be5 Bd5 60.
Ra4 Kh6 61. Rh4+ Kg5 62. Rxh3 Kxf5 63. Bc3 g5 64. a4 Kg6 65. a5 g4 66. Rh8 g3
67. Be5 Rg1 68. Kd4 g2 69. Bh2 Rd1+ 70. Kc5 Bf3 71. Rh3 Be4 72. a6 Rh1 73. Rg3+
Kf5 74. Rxg2 Bxg2 75. Bb8 Ke6 76. b4 Kd7 77. b5 Rh5+ 78. Kb6 Bf1 79. a7 Rxb5+
80. Ka6 Rxb8+ 0-1

[Event "FIDE World Rapid Team"]
[Site "London ENG"]
[Date "2025.06.12"]
[Round "5.1"]
[White "Chinguun, Sumiya"]
[Black "Grahn, Vidar"]
[Result "1-0"]
[WhiteTitle "FM"]
[BlackTitle "FM"]
[WhiteElo "2415"]
[BlackElo "2239"]
[WhiteTeam "The MongolZ"]
[BlackTeam "Uppsala SSS"]
[WhiteFideId "4902572"]
[BlackFideId "1744780"]
[EventDate "2025.06.11"]
[EventType "team"]

1. e4 c5 2. Nf3 e6 3. d4 cxd4 4. Nxd4 Nc6 5. Nc3 Qc7 6. Be3 a6 7. Qf3 Nf6 8.
O-O-O Ne5 9. Qg3 b5 10. f4 Neg4 11. Bd2 b4 12. Na4 h5 13. Bd3 d5 14. e5 Ne4 15.
Bxe4 dxe4 16. h3 Nh6 17. Qb3 Bd7 18. Bxb4 Rb8 19. Bxf8 Rxb3 20. Bd6 Qa5 21. axb3
Bxa4 22. bxa4 Qxa4 23. Ba3 Qc4 24. Rhe1 f5 25. exf6 Kf7 26. b3 Qc7 27. Rxe4 Rc8
28. Rd2 Qa5 29. Bb2 gxf6 30. Rxe6 Ng8 31. f5 Rd8 32. g4 hxg4 33. hxg4 Rd7 34.
Rh2 Kg7 35. g5 Qc7 36. gxf6+ Nxf6 37. Rg2+ Kh7 38. Rxf6 Qf4+ 39. Rd2 Qf1+ 40.
Rd1 Qg2 41. Kb1 a5 42. Rg6 Qe4 43. Rdg1 a4 44. R6g4 1-0

[Event "FIDE World Rapid Team"]
[Site "London ENG"]
[Date "2025.06.12"]
[Round "5.2"]
[White "Strom-Engdahl, Alexander"]
[Black "Reimanis, Ritvars"]
[Result "0-1"]
[WhiteTitle "FM"]
[BlackTitle "IM"]
[WhiteElo "2320"]
[BlackElo "2355"]
[WhiteTeam "Uppsala SSS"]
[BlackTeam "The MongolZ"]
[WhiteFideId "1741586"]
[BlackFideId "11602988"]
[EventDate "2025.06.11"]
[EventType "team"]

1. Nf3 Nf6 2. c4 e6 3. b3 d5 4. Bb2 a5 5. e3 a4 6. bxa4 Bd7 7. Nc3 Bb4 8. cxd5
exd5 9. Bb5 c6 10. Be2 O-O 11. O-O Na6 12. Rb1 Bf5 13. d3 Qa5 14. Qc2 Be7 15.
Nd4 Bg6 16. a3 Nd7 17. e4 dxe4 18. dxe4 Nac5 19. Nf5 Bf6 20. Nd6 Qc7 21. Nc4 Ne6
22. Rfd1 Ndc5 23. f3 Nd4 24. Qd2 Ncb3 25. Qe1 Qe7 26. Kh1 Qc5 27. Bf1 Nc2 28.
Qe2 Ncd4 29. Qf2 Rfe8 30. Re1 Ne6 31. Qxc5 Nexc5 32. Rbd1 Nxa4 33. Nxa4 Rxa4 34.
Bxf6 gxf6 35. Nd6 Re7 36. Nc8 Rc7 37. Nb6 Ra5 38. Re3 Nc5 39. Rc1 Ne6 40. g4 h5
41. h3 hxg4 42. hxg4 Kg7 43. Rd1 Rc5 44. Kh2 Rc2+ 45. Kg3 Nc5 46. Bc4 Rb2 47.
Nd5 cxd5 48. Bxd5 Re7 49. Rc3 b6 50. Ra1 Rb5 51. Bc6 Ra5 52. Rb1 Ra6 53. Rb4 Rc7
54. Bb7 Nxe4+ 55. Rxe4 Rxc3 0-1

[Event "FIDE World Rapid Team"]
[Site "London ENG"]
[Date "2025.06.12"]
[Round "5.3"]
[White "Itgelt, Khuyagtsogt"]
[Black "Frank, Anton"]
[Result "1-0"]
[WhiteTitle "IM"]
[BlackTitle "CM"]
[WhiteElo "2425"]
[BlackElo "2183"]
[WhiteTeam "The MongolZ"]
[BlackTeam "Uppsala SSS"]
[WhiteFideId "4902912"]
[BlackFideId "1752383"]
[EventDate "2025.06.11"]
[EventType "team"]

1. d4 Nf6 2. c4 e6 3. Nf3 d5 4. g3 Bb4+ 5. Nbd2 dxc4 6. Bg2 O-O 7. Qc2 a5 8. a3
Be7 9. Nxc4 b5 10. Nce5 Bb7 11. O-O Be4 12. Qb3 c6 13. a4 b4 14. Be3 Nbd7 15.
Rfc1 Rc8 16. Qc4 Nb6 17. Qb3 Nbd7 18. Qc4 Bd5 19. Qd3 c5 20. Nxd7 Nxd7 21. Nd2
Bxg2 22. Kxg2 cxd4 23. Bxd4 Bc5 24. Ne4 Qe7 25. Nxc5 Nxc5 26. Qe3 Nd7 27. Rxc8
Rxc8 28. Rc1 Qd8 29. Rxc8 Qxc8 30. Qg5 e5 31. Be3 f6 32. Qg4 Qc6+ 33. f3 g6 34.
h4 f5 35. Qg5 Kf7 36. Qd8 Qxa4 37. Bg5 Ke6 38. e4 fxe4 39. fxe4 Qc2+ 40. Kh3
Qxe4 41. Qe7+ Kd5 42. Qxd7+ Kc4 43. Qf7+ Kb5 44. Qe8+ Kc4 45. Qf7+ Kb5 46. Qf1+
Qc4 47. Qe1 Qe6+ 48. Kh2 e4 49. Qd2 a4 50. Be3 Qc6 51. Bf2 b3 52. Qd4 h5 53. Kh3
Qe6+ 54. Kg2 Qc6 55. Qe3 Ka6 56. Kh2 Kb5 57. Kg1 Ka6 58. Qe2+ Kb7 59. Qd2 Qc2
60. Qxc2 bxc2 61. Be3 Kc6 62. Kf2 Kd5 63. Ke2 Kc4 64. Kd2 c1=Q+ 65. Kxc1 Kd3 66.
Bf4 Ke2 67. Kc2 Ke1 68. Kc3 Ke2 69. Kd4 Kf3 70. Bg5 e3 71. Bxe3 Kxg3 72. Bg5 1-0

[Event "FIDE World Rapid Team"]
[Site "London ENG"]
[Date "2025.06.12"]
[Round "5.4"]
[White "Nilsson, Oliver"]
[Black "Nomin-Erdene, Davaademberel"]
[Result "0-1"]
[BlackTitle "IM"]
[WhiteElo "2129"]
[BlackElo "2293"]
[WhiteTeam "Uppsala SSS"]
[BlackTeam "The MongolZ"]
[WhiteFideId "1730177"]
[BlackFideId "4900782"]
[EventDate "2025.06.11"]
[EventType "team"]

1. e4 c6 2. d4 d5 3. Nc3 dxe4 4. Nxe4 Nf6 5. Nxf6+ exf6 6. Be3 Bd6 7. Bd3 O-O 8.
Ne2 Re8 9. O-O Nd7 10. c4 Qc7 11. h3 c5 12. Qc2 h6 13. d5 Ne5 14. Be4 f5 15. Bd3
Qe7 16. b3 Qf6 17. Nc3 Nxd3 18. Qxd3 f4 19. Ne4 Qg6 20. Bxc5 Bf5 21. Nxd6 Bxd3
22. Rfe1 Rxe1+ 23. Rxe1 b6 24. Ba3 f3 25. g3 Rd8 26. Ne8 Qh5 27. Kh2 Bf5 0-1

[Event "FIDE World Rapid Team"]
[Site "London ENG"]
[Date "2025.06.12"]
[Round "5.5"]
[White "Ulziikhishig Khishigbat"]
[Black "Ostensson, Julia"]
[Result "1-0"]
[WhiteTitle "FM"]
[WhiteElo "2266"]
[BlackElo "1996"]
[WhiteTeam "The MongolZ"]
[BlackTeam "Uppsala SSS"]
[WhiteFideId "4908120"]
[BlackFideId "1747703"]
[EventDate "2025.06.11"]
[EventType "team"]

1. d4 Nf6 2. c4 g6 3. Nc3 Bg7 4. e4 d6 5. Bd3 O-O 6. Nge2 Nc6 7. O-O Nd7 8. Be3
e5 9. d5 Nd4 10. Nb5 Nxb5 11. cxb5 f5 12. exf5 gxf5 13. f3 Nf6 14. Rc1 Rf7 15.
Bg5 Qf8 16. Nc3 Bh6 17. Qd2 Bxg5 18. Qxg5+ Rg7 19. Qh4 Kh8 20. a4 Qf7 21. Kh1
Nxd5 22. Nxd5 Qxd5 23. Bc4 Be6 24. Bxd5 Bxd5 25. Qf6 1-0

[Event "FIDE World Rapid Team"]
[Site "London ENG"]
[Date "2025.06.12"]
[Round "5.6"]
[White "Letoret, Tim"]
[Black "Araya Fuentes, Cristian"]
[Result "0-1"]
[WhiteElo "1907"]
[BlackElo "1921"]
[WhiteTeam "Uppsala SSS"]
[BlackTeam "The MongolZ"]
[WhiteFideId "269638"]
[BlackFideId "6502946"]
[EventDate "2025.06.11"]
[EventType "team"]

1. e4 c6 2. d4 d5 3. e5 c5 4. dxc5 Nc6 5. Nf3 Bg4 6. c3 Bxf3 7. Qxf3 e6 8. Be3
Nxe5 9. Bb5+ Nc6 10. c4 Ne7 11. cxd5 Nxd5 12. Nc3 Qd7 13. Rd1 Rd8 14. O-O Be7
15. Nxd5 exd5 16. Bc4 Ne5 17. Qxd5 Nxc4 18. Qxc4 Qxd1 19. Qc3 Bf6 20. Qb4 Qd5
21. Re1 O-O 22. h3 Rfe8 23. b3 Bg5 24. Qa5 Bxe3 25. fxe3 Qd2 26. Qxd2 Rxd2 27.
a4 Rc2 28. Rd1 g6 29. Rd7 Rxe3 30. Rxb7 Re1+ 31. Kh2 Ree2 32. Rxa7 Rxg2+ 33. Kh1
Rge2 0-1

[Event "FIDE World Rapid Team"]
[Site "London ENG"]
[Date "2025.06.12"]
[Round "5.1"]
[White "O'Gorman, Tom"]
[Black "Orozbaev, Eldiyar"]
[Result "1/2-1/2"]
[WhiteTitle "IM"]
[BlackTitle "IM"]
[WhiteElo "2379"]
[BlackElo "2367"]
[WhiteTeam "Oxbridge"]
[BlackTeam "Noval Group Kyrgyzstan"]
[WhiteFideId "2508249"]
[BlackFideId "13802240"]
[EventDate "2025.06.11"]
[EventType "team"]

1. d4 d5 2. Nf3 Nf6 3. Bf4 c5 4. e3 Nc6 5. Be2 Bg4 6. O-O e6 7. Nbd2 Bd6 8. dxc5
Bxc5 9. h3 Bh5 10. c4 O-O 11. Rc1 Be7 12. cxd5 Nxd5 13. Bg3 Bg6 14. a3 Nf6 15.
Qb3 Qd5 16. Bc4 Qd7 17. Bb5 a6 18. Bxc6 bxc6 19. Nc4 c5 20. Nce5 Qd5 21. Qa4 Qb7
22. Nc6 Be4 23. Nxe7+ Qxe7 24. Nd2 Bd5 25. Bh4 Qb7 26. Bxf6 gxf6 27. e4 Bc6 28.
Qc2 f5 29. Qxc5 Rac8 30. Rc3 Bb5 31. Rg3+ Kh8 32. Qd4+ e5 33. Qxe5+ f6 34. Qxf5
Bxf1 35. Nxf1 Rc1 36. Qg4 Qf7 37. Qe2 Rd8 38. Qxa6 h5 39. Rd3 Rg8 40. Qb5 Rg5
41. Rd5 Rxd5 42. exd5 Qe7 43. Qd3 Qe1 44. d6 Rd1 45. Qa6 Qd2 46. d7 Kg7 47. Kh2
Qxd7 48. Ne3 Qc7+ 49. g3 Rb1 50. Qe2 Qc1 51. Nf5+ Kg6 52. Nh4+ Kh6 53. Qe3+ Qxe3
54. fxe3 Rxb2+ 55. Kg1 Kg5 56. Kf1 Ra2 57. Ke1 f5 58. Kf1 Kf6 59. Nf3 Ke6 60.
Ng5+ Kd5 61. h4 Kc4 62. e4 fxe4 63. Nxe4 Kd4 64. Nf6 Ke3 65. Nxh5 Rf2+ 66. Kg1
Kf3 67. a4 Ra2 68. Kh1 Kg4 69. Nf6+ Kxg3 70. Ne4+ Kf3 71. Ng5+ Kg3 72. Ne4+ Kf4
73. Ng5 Rxa4 74. Kg2 Ra2+ 75. Kh3 Ra3+ 76. Kg2 Kg4 77. Kf2 Kf4 78. Ke2 Rg3 79.
Kf2 Re3 80. Kg2 Kg4 81. Kf2 Re7 82. Kg2 Re2+ 83. Kf1 Re3 84. Kf2 Re7 85. Kg2
Re2+ 86. Kf1 Rh2 87. Ke1 Kf4 88. Ne6+ Ke3 89. Kf1 Rxh4 90. Kg2 Rh6 91. Nc5 Rh5
92. Nd7 Rf5 93. Kg3 Kd4 94. Kg4 Rf7 95. Nb6 Ra7 96. Nc8 Rd7 97. Kf5 Kc5 98. Ke6
Rd1 99. Ne7 Re1+ 100. Kd7 Re4 101. Nf5 Re5 102. Ne7 Rxe7+ 103. Kxe7 1/2-1/2

[Event "FIDE World Rapid Team"]
[Site "London ENG"]
[Date "2025.06.12"]
[Round "5.2"]
[White "Degenbaev, Aziz"]
[Black "Goh, Jinghan Cameron"]
[Result "1-0"]
[WhiteTitle "FM"]
[WhiteElo "2286"]
[BlackElo "2178"]
[WhiteTeam "Noval Group Kyrgyzstan"]
[BlackTeam "Oxbridge"]
[WhiteFideId "13802640"]
[BlackFideId "5804540"]
[EventDate "2025.06.11"]
[EventType "team"]

1. e4 c5 2. Nf3 e6 3. d4 cxd4 4. Nxd4 Nc6 5. Bf4 Qa5+ 6. Nc3 a6 7. Nb3 Qb6 8.
Be2 Bb4 9. O-O Nge7 10. a3 Bxc3 11. bxc3 d5 12. Bf3 O-O 13. exd5 Nxd5 14. Bxd5
exd5 15. Qxd5 Be6 16. Qc5 Qb5 17. Qxb5 axb5 18. Nc5 Rfc8 19. Rfe1 Na5 20. Nxe6
fxe6 21. Rxe6 Rxc3 22. Re7 Nc6 23. Rxb7 b4 24. a4 Ra3 25. Rd1 R3xa4 26. Rc7 Ra1
27. Bc1 Nd4 28. Kf1 Nb5 29. Rxg7+ Kf8 30. Rxh7 Nc3 31. Re1 Kg8 32. Rb7 Na2 33.
Bb2 Rxe1+ 34. Kxe1 Rc8 35. Ra7 Nc3 36. Bxc3 bxc3 37. Re7 Rb8 38. Ke2 Rb1 39. Kd3
Kf8 40. Re2 1-0

[Event "FIDE World Rapid Team"]
[Site "London ENG"]
[Date "2025.06.12"]
[Round "5.3"]
[White "Gallagher, Daniel GH"]
[Black "Zhakshylykov, Erzhan"]
[Result "0-1"]
[BlackTitle "IM"]
[WhiteElo "2251"]
[BlackElo "2362"]
[WhiteTeam "Oxbridge"]
[BlackTeam "Noval Group Kyrgyzstan"]
[WhiteFideId "436550"]
[BlackFideId "13804111"]
[EventDate "2025.06.11"]
[EventType "team"]

1. Nf3 Nf6 2. g3 g6 3. Bg2 Bg7 4. d4 d6 5. O-O O-O 6. Nc3 a6 7. a4 Nc6 8. d5 Nb8
9. a5 c6 10. e4 Bg4 11. h3 Bxf3 12. Qxf3 Nbd7 13. Rd1 cxd5 14. exd5 Rc8 15. Qf4
Nc5 16. Qb4 Nfd7 17. Be3 b5 18. axb6 Qxb6 19. Qxb6 Nxb6 20. Bd4 Nbd7 21. Ne4 Rb8
22. Nxc5 Nxc5 23. b3 Rfc8 24. Bxg7 Kxg7 25. Ra2 Rb4 26. Bf1 Ne4 27. Bxa6 Rc5 28.
Re1 Nc3 29. Raa1 Nxd5 30. Bc4 e6 31. Ra7 Kf6 32. Rea1 Nb6 33. Bd3 Nc8 34. Rd7 d5
35. Rd8 Rc7 36. Ra8 Ne7 37. Ra6 h5 38. Kg2 Kg7 39. f4 h4 40. Raa8 hxg3 41. Kxg3
Kf6 42. h4 Nf5+ 43. Bxf5 Kxf5 44. Rac8 Rxc8 45. Rxc8 Rxf4 46. Rc7 Ke5 47. b4 f5
48. b5 Rg4+ 49. Kh3 Rb4 50. Rb7 Kf6 51. b6 g5 52. h5 Rh4+ 53. Kg3 Rxh5 54. Rb8
Rh7 55. b7 Ke5 56. Kf3 g4+ 57. Kg3 Rg7 0-1

[Event "FIDE World Rapid Team"]
[Site "London ENG"]
[Date "2025.06.12"]
[Round "5.4"]
[White "Sharshenbekov, Emir"]
[Black "Rushbrooke, Remy"]
[Result "1-0"]
[WhiteTitle "CM"]
[WhiteElo "2091"]
[BlackElo "2090"]
[WhiteTeam "Noval Group Kyrgyzstan"]
[BlackTeam "Oxbridge"]
[WhiteFideId "13810634"]
[BlackFideId "443590"]
[EventDate "2025.06.11"]
[EventType "team"]

1. c4 f5 2. d4 Nf6 3. Nc3 e6 4. g3 Be7 5. Bg2 O-O 6. Nf3 d6 7. O-O Qe8 8. Qc2
Nc6 9. a3 a5 10. Bg5 Rb8 11. Rfe1 Qf7 12. Rad1 Bd7 13. Bxf6 Bxf6 14. e4 fxe4 15.
Nxe4 h6 16. d5 Ne7 17. dxe6 Bxe6 18. Nxf6+ Qxf6 19. Qe4 Kf7 20. Nd4 Bxc4 21. Nf5
Be6 22. Nxd6+ cxd6 23. Rd4 d5 24. Rxd5 Kg8 25. Rd6 1-0

[Event "FIDE World Rapid Team"]
[Site "London ENG"]
[Date "2025.06.12"]
[Round "5.5"]
[White "Hng, Mei-Xian Eunice"]
[Black "Lesbekova, Assel"]
[Result "0-1"]
[WhiteTitle "WFM"]
[BlackTitle "WCM"]
[WhiteElo "2066"]
[BlackElo "1948"]
[WhiteTeam "Oxbridge"]
[BlackTeam "Noval Group Kyrgyzstan"]
[WhiteFideId "5806585"]
[BlackFideId "13713248"]
[EventDate "2025.06.11"]
[EventType "team"]

1. Nf3 d5 2. c4 e6 3. d4 a6 4. Nc3 dxc4 5. a4 Nc6 6. e4 Na5 7. Be3 Nf6 8. Ne5
Bb4 9. Qc2 Nb3 10. Rd1 b5 11. Nc6 Bxc3+ 12. bxc3 Qd7 13. Ne5 Qe7 14. Bg5 Bb7 15.
f3 h6 16. Bh4 g5 17. Bf2 Qa3 18. Bxc4 bxc4 19. Nxc4 Qxa4 20. Nd2 Rb8 21. Qxb3
Qxb3 22. Nxb3 Bxe4 23. Nc5 Bc2 24. Rc1 a5 25. O-O Bg6 26. Ra1 Ra8 27. Bg3 Nd5
28. Be5 f6 29. Bg3 Kf7 30. c4 Ne3 31. Rfc1 Nc2 32. Ra2 Nxd4 33. Bxc7 Rhc8 34.
Bb6 Rc6 35. Na4 e5 36. c5 f5 37. Kf2 e4 38. fxe4 fxe4 39. Nb2 Rf6+ 40. Ke1 Nc6
41. Nc4 Nb4 42. Ne5+ Ke6 43. Nxg6 Nxa2 44. Ra1 Nb4 45. Nh4 Nc2+ 0-1

[Event "FIDE World Rapid Team"]
[Site "London ENG"]
[Date "2025.06.12"]
[Round "5.6"]
[White "Tazhimyrzaev, Elzarbek"]
[Black "Nayberg, Simona"]
[Result "1/2-1/2"]
[WhiteElo "1828"]
[BlackElo "1819"]
[WhiteTeam "Noval Group Kyrgyzstan"]
[BlackTeam "Oxbridge"]
[WhiteFideId "13814133"]
[BlackFideId "2075180"]
[EventDate "2025.06.11"]
[EventType "team"]

1. e4 Nf6 2. Nc3 d5 3. exd5 Nxd5 4. Bc4 Nb6 5. Bb3 Nc6 6. Nf3 Bf5 7. O-O e6 8.
d4 Be7 9. Bf4 O-O 10. h3 Bf6 11. Nb5 Rc8 12. c3 a6 13. Na3 Nd5 14. Bg3 Qe7 15.
Nc4 b5 16. Nce5 Na5 17. Re1 Qd8 18. Qe2 Be7 19. Rad1 f6 20. Nd3 Nxb3 21. axb3
Bd6 22. Nc5 Re8 23. Nh4 Bxg3 24. fxg3 Qd6 25. Qf3 Bg6 26. Ra1 Ra8 27. Nxg6 hxg6
28. b4 Kf7 29. Ne4 Qd7 30. h4 f5 31. Ng5+ Kg8 32. Re5 Re7 33. h5 gxh5 34. Qxh5
Nf6 35. Qg6 Kf8 36. Rae1 Qe8 37. Qxe8+ Raxe8 38. Nxe6+ Kf7 39. Ng5+ Kf8 40. Nf3
Ne4 41. Rxf5+ Kg8 42. Ne5 Nd6 43. Rh5 Nc4 44. Re4 Nxe5 45. Rhxe5 Rxe5 46. Rxe5
Rxe5 47. dxe5 Kf7 48. Kf2 Ke6 49. Ke3 Kxe5 50. g4 g6 51. b3 g5 52. c4 c6 53. g3
bxc4 54. bxc4 Kd6 55. Ke4 c5 56. b5 a5 57. Kd3 Kc7 58. Kd2 Kd6 59. Kc2 Kc7 60.
Kb3 Kb7 61. Ka4 Kb6 62. Ka3 Kb7 63. Kb3 Kc7 64. Kc3 Kd6 65. Kd2 Kc7 66. Kd3 Kd7
67. Ke4 Kc7 1/2-1/2

[Event "FIDE World Rapid Team"]
[Site "London ENG"]
[Date "2025.06.12"]
[Round "5.1"]
[White "Turner, Matthew J"]
[Black "Momunaliev, Ruslan"]
[Result "0-1"]
[WhiteTitle "GM"]
[BlackTitle "CM"]
[WhiteElo "2441"]
[BlackElo "2214"]
[WhiteTeam "Sassy Seniors"]
[BlackTeam "Youth KG"]
[WhiteFideId "402893"]
[BlackFideId "13812211"]
[EventDate "2025.06.11"]
[EventType "team"]

1. Nf3 d5 2. g3 Nf6 3. Bg2 c6 4. O-O Bg4 5. d3 Nbd7 6. Nbd2 e5 7. h3 Bh5 8. e4
Bd6 9. Qe1 O-O 10. Nh4 Re8 11. Nf5 Bf8 12. g4 Bg6 13. Qe2 Nc5 14. Nb3 Ne6 15.
Qf3 Qc7 16. Be3 Nf4 17. Rae1 h5 18. Bxf4 dxe4 19. dxe4 exf4 20. Nc1 hxg4 21.
hxg4 Bxf5 22. exf5 Nh7 23. Nd3 Bd6 24. Qh3 Rxe1 25. Rxe1 Qd8 26. Qh5 Ng5 27. c4
Bc7 28. Nc5 f3 29. Bf1 Qd2 30. Re3 Bg3 31. Nd3 Bxf2+ 32. Nxf2 Qxe3 33. f6 Ne4
34. Qh2 gxf6 0-1

[Event "FIDE World Rapid Team"]
[Site "London ENG"]
[Date "2025.06.12"]
[Round "5.2"]
[White "Kurbanbaev, Zalkar"]
[Black "Dishman, Stephen"]
[Result "1-0"]
[BlackTitle "FM"]
[WhiteElo "2119"]
[BlackElo "2274"]
[WhiteTeam "Youth KG"]
[BlackTeam "Sassy Seniors"]
[WhiteFideId "13808524"]
[BlackFideId "403024"]
[EventDate "2025.06.11"]
[EventType "team"]

1. e4 c6 2. d4 d5 3. e5 c5 4. dxc5 e6 5. a3 Bxc5 6. b4 Be7 7. Nf3 a5 8. b5 Nd7
9. Bb2 f6 10. c4 Nxe5 11. Nxe5 fxe5 12. Bxe5 Bf6 13. Nd2 Nh6 14. Bxf6 Qxf6 15.
Bd3 O-O 16. O-O b6 17. Qc2 Nf5 18. Nf3 Bb7 19. c5 bxc5 20. Qxc5 d4 21. Ne5 Rac8
22. Nc6 Bxc6 23. bxc6 Qe7 24. Rac1 Qc7 25. Bxf5 exf5 26. Qxd4 Rf6 27. Qd5+ Kh8
28. Rfe1 Rd6 29. Qxf5 Rxc6 30. Rxc6 Qxc6 31. Qxa5 Ra8 32. Qb4 h6 33. h3 Qc2 34.
Re3 Qd1+ 35. Kh2 Qc2 36. Rf3 Kh7 37. Qc3 Qa2 38. Qd3+ Kg8 39. Qb3+ Qxb3 40. Rxb3
Kf7 41. Re3 Ra4 42. Kg1 Rc4 43. Kf1 Rc2 44. Re5 Ra2 45. Ra5 g5 46. g3 Kg6 47.
Kg2 h5 48. h4 g4 49. a4 Kh6 50. Ra8 Kg7 51. a5 Kh7 52. Kf1 Kg7 53. a6 Kh7 54.
Ke1 Kg7 55. a7 Kh7 56. Kd1 Kg7 57. Kc1 Kh7 58. Kb1 Ra6 59. Kc2 Ra5 60. Kc3 Ra1
61. Kd4 Ra2 62. Kc5 Ra1 63. Kc6 Rc1+ 64. Kd6 Ra1 65. Ke6 Ra6+ 66. Ke7 Ra2 67.
Kf6 Ra6+ 68. Kf7 Ra2 69. Ke7 Ra1 70. Kf6 Ra6+ 71. Kf7 Ra1 72. Kf8 Kh8 73. Re8
Rxa7 74. Re5 Rh7 75. Re6 Ra7 76. Rh6+ Rh7 77. Rxh7+ Kxh7 78. Kf7 1-0

[Event "FIDE World Rapid Team"]
[Site "London ENG"]
[Date "2025.06.12"]
[Round "5.3"]
[White "Duncan, Chris R"]
[Black "Beknazarov, Emir"]
[Result "1-0"]
[WhiteTitle "FM"]
[WhiteElo "2196"]
[BlackElo "1878"]
[WhiteTeam "Sassy Seniors"]
[BlackTeam "Youth KG"]
[WhiteFideId "403091"]
[BlackFideId "13816063"]
[EventDate "2025.06.11"]
[EventType "team"]

1. Nf3 Nf6 2. c4 e6 3. Nc3 d5 4. d4 dxc4 5. e4 c5 6. d5 exd5 7. e5 Ne4 8. Qxd5
Nxc3 9. Qxd8+ Kxd8 10. bxc3 Be6 11. Bf4 h6 12. Nd2 Nc6 13. Bxc4 g5 14. Bg3 Bg7
15. O-O Ke7 16. f4 Rad8 17. Bxe6 fxe6 18. Ne4 Rd3 19. fxg5 Bxe5 20. g6 Bxg3 21.
Rf7+ Kd8 22. g7 Bxh2+ 23. Kxh2 Re8 24. Rf8 Ne7 25. Nf6 1-0

[Event "FIDE World Rapid Team"]
[Site "London ENG"]
[Date "2025.06.12"]
[Round "5.4"]
[White "Sezdbekova, Aizhan"]
[Black "Vujatovic, Rajko"]
[Result "0-1"]
[WhiteTitle "WCM"]
[WhiteElo "1884"]
[BlackElo "2222"]
[WhiteTeam "Youth KG"]
[BlackTeam "Sassy Seniors"]
[WhiteFideId "13803590"]
[BlackFideId "403393"]
[EventDate "2025.06.11"]
[EventType "team"]

1. e4 c5 2. Nf3 g6 3. c3 d5 4. e5 Nc6 5. d4 Bg4 6. Be3 cxd4 7. Bxd4 Bg7 8. Bb5
e6 9. Nbd2 Ne7 10. h3 Bxf3 11. Nxf3 O-O 12. O-O a6 13. Bxc6 Nxc6 14. Re1 Nxd4
15. Qxd4 Rc8 16. Nd2 Qc7 17. Rac1 Rfd8 18. b4 Bh6 19. f4 Qc6 20. Rc2 Qa4 21.
Rec1 Bf8 22. Kf1 Be7 23. g3 Rc7 24. Ke2 Rdc8 25. Ke1 b5 26. Nb3 Bxb4 27. Kd2 Rc4
28. Qb6 R4c6 29. Qa7 Bc5 30. Nxc5 Rxc5 31. Qb7 d4 32. Qf3 dxc3+ 33. Rxc3 Rxc3
34. Rxc3 Qxa2+ 35. Kd1 Qa1+ 36. Kd2 Qb2+ 37. Kd3 0-1

[Event "FIDE World Rapid Team"]
[Site "London ENG"]
[Date "2025.06.12"]
[Round "5.5"]
[White "Dishman, Matthew"]
[Black "Mukanov, Iskender"]
[Result "0-1"]
[WhiteElo "1978"]
[BlackElo "1715"]
[WhiteTeam "Sassy Seniors"]
[BlackTeam "Youth KG"]
[WhiteFideId "438642"]
[BlackFideId "13829599"]
[EventDate "2025.06.11"]
[EventType "team"]

1. e4 c5 2. c4 e5 3. Nc3 g6 4. g3 Bg7 5. Bg2 Nc6 6. d3 d6 7. Nge2 Nge7 8. O-O
O-O 9. h3 a6 10. a4 h6 11. f4 f5 12. Kh2 Kh7 13. fxe5 dxe5 14. Nd5 Nxd5 15. cxd5
Nd4 16. Nxd4 cxd4 17. a5 Bd7 18. Bd2 Rc8 19. Bb4 Rf7 20. Qb3 Qg5 21. d6 Rcf8 22.
h4 Qd8 23. exf5 gxf5 24. Bd5 Rf6 25. Bd2 f4 26. gxf4 Rxd6 27. Be1 exf4 28. Qxb7
Kh8 29. Bf3 Qf6 30. Rc1 Qf5 31. Qe4 Qh3+ 32. Kg1 Re6 33. Bg2 Qe3+ 34. Qxe3 dxe3
35. Be4 Bxb2 36. Rc7 Re7 37. Bb4 Rg7+ 38. Kh1 Rfg8 39. Bd5 Rb8 40. Bd6 Rb5 41.
Bc4 Rh5 42. Rxf4 e2 43. Bb4 Be5 44. Re4 Bxc7 45. Bc3 Bc6 0-1

[Event "FIDE World Rapid Team"]
[Site "London ENG"]
[Date "2025.06.12"]
[Round "5.6"]
[White "Yrysov, Timur"]
[Black "Regan, Natasha K"]
[Result "0-1"]
[BlackTitle "WIM"]
[WhiteElo "1880"]
[BlackElo "2064"]
[WhiteTeam "Youth KG"]
[BlackTeam "Sassy Seniors"]
[WhiteFideId "13835459"]
[BlackFideId "403067"]
[EventDate "2025.06.11"]
[EventType "team"]

1. e4 Nf6 2. e5 Nd5 3. c4 Nb6 4. d4 d6 5. exd6 exd6 6. Nc3 Be7 7. Nf3 O-O 8. Bd3
Nc6 9. d5 Na5 10. Qe2 Bf6 11. O-O Re8 12. Qc2 g6 13. Ne4 Bf5 14. Nxf6+ Qxf6 15.
Bxf5 gxf5 16. Bg5 Qg6 17. b3 Re4 18. Bd2 Naxc4 19. bxc4 Rxc4 20. Qd3 Rg4 21. g3
Nd7 22. Rae1 Nc5 23. Qe3 Ne4 24. Qh6 Nf6 25. Qxg6+ hxg6 26. Rb1 b6 27. Rfc1 Nxd5
28. Rb5 c5 29. h3 Ra4 30. Rb2 f4 31. g4 Re8 32. Kf1 f6 33. Rd1 c4 34. Be1 c3 35.
Rc2 Nb4 36. Rxc3 Nxa2 37. Rc7 Rd8 38. Nh4 g5 39. Nf5 Ra3 40. Ra1 Rxh3 41. Rxa2
Rh1+ 42. Ke2 Re8+ 43. Ne7+ Kf7 44. Raxa7 d5 45. Kd2 Ke6 46. Rc6+ Ke5 47. Ng6+
Ke4 48. Rc3 d4 49. Rc6 Kf3 50. Rc1 Kxg4 51. Ne7 f3 52. Nd5 Re2+ 53. Kd3 Rexe1
54. Rc6 Rd1+ 55. Ke4 Rhe1+ 56. Ne3+ dxe3 57. fxe3 f5+ 58. Ke5 Rxe3+ 59. Kf6 f2
60. Ra4+ Re4 61. Ra3 f1=Q 62. Rcc3 Rd6+ 63. Kf7 f4 64. Ra8 Qb5 0-1